[Event "Krasnodar Region Cup"]
[Site "Krasnodar"]
[Date "2013.01.24"]
[Round "2"]
[White "Pankov, Nikita"]
[Black "Shamsijarov, Aleksandr"]
[Result "1-0"]
[WhiteElo "1813"]
[BlackElo "2017"]
[PlyCount "69"]
[EventDate "2013.01.23"]
[EventType "swiss"]
[EventRounds "8"]
[EventCountry "RUS"]
[SourceTitle "EXT 2023"]
[Source "ChessBase"]
[SourceDate "2022.10.05"]
[SourceVersion "1"]
[SourceVersionDate "2022.10.05"]
[SourceQuality "1"]

1. e4 c5 2. d4 cxd4 3. c3 dxc3 4. Nxc3 Nc6 5. Nf3 d6 6. Bc4 Nf6 7. e5 Ng4 8. e6 f6 9. 0-0 a6 10. Qa4 Qa5 11. Qc2 g6 12. Qe4 Qf5 13. Qxf5 gxf5 14. Nd5 Kd8 15. Nb6 Rb8 16. Nh4 Nd4 17. Nxc8 Rxc8 18. Bd3 Ne5 19. Bxf5 Ne2+ 20. Kh1 Nxc1 21. Raxc1 Rxc1 22. Rxc1 Bh6 23. Rc2 Bg5 24. Be4 Nc6 25. Nf5 Kc7 26. h4 Bxh4 27. Nxh4 d5 28. Bxd5 Kd6 29. Bxc6 bxc6 30. f4 Kxe6 31. Rxc6+ Kd5 32. Rxa6 e5 33. Rxf6 e4 34. Rf5+ Kd4 35. Re5 1-0

[Event "Krasnodar Winter A Rating"]
[Site "Krasnodar"]
[Date "2011.01.30"]
[Round "11"]
[White "Shamsijarov, Aleksandr"]
[Black "Morozov, Ruslan"]
[Result "1-0"]
[WhiteElo "2031"]
[BlackElo "1952"]
[PlyCount "49"]
[EventDate "2011.01.24"]
[EventType "tourn"]
[EventRounds "13"]
[EventCountry "RUS"]
[SourceTitle "EXT 2022"]
[Source "ChessBase"]
[SourceDate "2021.10.06"]
[SourceVersion "1"]
[SourceVersionDate "2021.10.06"]
[SourceQuality "1"]

1. e4 Nc6 2. Nf3 f5 3. exf5 d5 4. d4 Bxf5 5. Bd3 Bxd3 6. Qxd3 Qd6 7. Nc3 0-0-0 8. Ng5 Nb4 9. Qe2 Qg6 10. 0-0 Nxc2 11. Nb5 a6 12. Nxc7 Nxd4 13. Qg4+ Kxc7 14. Qxd4 e5 15. Qxe5+ Bd6 16. Qd4 Nh6 17. Be3 Nf5 18. Qb6+ Kd7 19. Qxb7+ Ke8 20. Bd2 Rd7 21. Rfe1+ Ne7 22. Qb3 Rf8 23. Rac1 Rf6 24. Rc8+ Rd8 25. Qa4+ 1-0